00848nam a22002417a 4500003000500000005001700005008004100022010001000063011001000073035001100083040000900094100004200103245015000145260004000295300003200335502007700367530003600444650001500480650001900495650001300514650001500527856006400542CHAP20220817044242.0080210s2008 mx a r 00010 spa d a95798 a96770 a107426 cCHAP1 aMartínez Jiménez, Anhel Jeanethe.10aEvaluación de sustratos en la germinación y desarrollo de plántulas de amarillis (Hipeastrum sp.)c/por Anhel Jeanethe Martínez Jiménez aChapingo, Méx. :bEl autor,c2008 aii, 47 h. :bilus., cuadros aTesis (Ing. Agr. Esp. en Fitotecnia) -- UACH. Departamento de Fitotecnia aTambién disponible en línea14aAserrín.14aGerminación.14aPlantas.14aSustratos. 3Finding aiduhttp://10.13.5.2/tesis/107426.pdfzTeclea aqui